00679nam a2200169 a 450000100100000000500170001000800410002704000250006808200140009310000350010724500980014226000860024030000270032659000270035395201120038099900170049200004649820201002052920.0150820s200u dr a 000 p spa d aDO-SdBNPbspacBNPHU axxxbxxxx1 aNeruda, Pablod1904-19739916410aVersainograma a Santo Domingo :bdesde isla negra (Chile) en febrero de 1966 /cPablo Neruda. aSanto Domingo :bUniversitariabUniversidad Autónoma de Santo Domingo,c[200u]. a48 p. :bil. ;c10 cm. aInventariado, 2018/ YL 0010718PDaPDbPDcCTd2015-08-20iLF1l0oxxx xxxxp46498-10r2020-06-25w2020-06-25yLFPDZNo se presta c45987d45987